مجموعة قوانين وتشريعات التظاهر والتجمهر والطوارئ : (Record no. 76376)
[ view plain ]
| 000 -LEADER | |
|---|---|
| fixed length control field | 02254nam a2200325 i 4500 |
| 003 - CONTROL NUMBER IDENTIFIER | |
| control field | EG-GICUC |
| 005 - DATE AND TIME OF LATEST TRANSACTION | |
| control field | 20260509134154.0 |
| 008 - FIXED-LENGTH DATA ELEMENTS--GENERAL INFORMATION | |
| fixed length control field | 260509s2021 ua |||fr|||| 00| 0 Ara d |
| 017 ## - COPYRIGHT OR LEGAL DEPOSIT NUMBER | |
| Copyright or legal deposit number | 10968 |
| 020 ## - INTERNATIONAL STANDARD BOOK NUMBER | |
| International Standard Book Number | 9789775043535 |
| 040 ## - CATALOGING SOURCE | |
| Original cataloging agency | EG-GICUC |
| Language of cataloging | ara |
| Transcribing agency | EG-GICUC |
| Modifying agency | EG-GICUC |
| Description conventions | rda |
| 041 0# - LANGUAGE CODE | |
| Language code of text/sound track or separate title | Ara |
| 082 04 - DEWEY DECIMAL CLASSIFICATION NUMBER | |
| Edition number | 21 |
| Classification number | 343.47 |
| Item number | م ج |
| 092 04 - LOCALLY ASSIGNED DEWEY CALL NUMBER (OCLC) | |
| Edition number | 21 |
| 099 ## - LOCAL FREE-TEXT CALL NUMBER (OCLC) | |
| Classification number | Law1 10 343.47 م ج 2021 |
| 245 00 - TITLE STATEMENT | |
| Title | مجموعة قوانين وتشريعات التظاهر والتجمهر والطوارئ : |
| Remainder of title | شاملا . نص قرار رئيس الجمهورية بالقانون رقم ١٠٧ لسنة ۲۰۱۳ ، المعدل بالقانون رقم ١٤ لسنة ۲۰۱۷ ، مع لائحته التنفيذية والقرارات الوزارية المنفذة لأحكامه ، والمذكرات الايضاحية وتقارير مجلس النواب ، وأحكام المحكمة الدستورية العليا الصادرة بشأنه ، والكتب الدورية الصادرة من النائب العام ، مع ملحق بأحدث أحكام محكمة النقض المتعلقة بقضايا التظاهر ، مع نص قانون التجمهر رقم ١٠ لسنة ١٩١٤ وتعديلاته ومذكراته الايضاحية وجميع متعلقاته من احكام دستورية واحكام نقض وقرارات منفذة لأحكامه ، ونص قرار رئيس الجمهورية بالقانون رقم ١٦٢ السنة ١٩٥٨ بشأن حالة الطوارىء ، وفقا لآخر تعديلاته بالقانون رقم ٢٢ السنة ۲۰۲۰ ، وأحكام المحكمة الدستورية العليا الصادرة بشأنه. |
| 264 #1 - PRODUCTION, PUBLICATION, DISTRIBUTION, MANUFACTURE, AND COPYRIGHT NOTICE | |
| Place of production, publication, distribution, manufacture | القاهرة : |
| Name of producer, publisher, distributor, manufacturer | دار العربى، |
| Date of production, publication, distribution, manufacture, or copyright notice | 2021. |
| 300 ## - PHYSICAL DESCRIPTION | |
| Extent | 109 ؛صفحة |
| Dimensions | 24 سم. |
| 336 ## - CONTENT TYPE | |
| Source | rda content |
| Content type term | text |
| 337 ## - MEDIA TYPE | |
| Source | rda media |
| Media type term | Computer |
| 338 ## - CARRIER TYPE | |
| Source | rda carrier |
| Carrier type term | Online Resource |
| 500 ## - GENERAL NOTE | |
| General note | إهداء من حسن على |
| 546 ## - LANGUAGE NOTE | |
| Language note | النص باللغة العربية |
| 650 1# - SUBJECT ADDED ENTRY--TOPICAL TERM | |
| Topical term or geographic name entry element | تشريعات جنائية خاصه أخرى |
| Source of heading or term | qrmak |
| 650 1# - SUBJECT ADDED ENTRY--TOPICAL TERM | |
| Topical term or geographic name entry element | القانون الجنائى |
| Source of heading or term | qrmak |
| 651 1# - SUBJECT ADDED ENTRY--GEOGRAPHIC NAME | |
| Source of heading or term | qrmak |
| 856 40 - ELECTRONIC LOCATION AND ACCESS | |
| Uniform Resource Identifier | <a href="https://fll.law.cu.edu.eg/fulltext/bks/B10-12145.pdf">https://fll.law.cu.edu.eg/fulltext/bks/B10-12145.pdf</a> |
| 905 ## - Cataloger and Reviser Names | |
| Cataloger Name: | Yasmin Sayed |
| 942 ## - ADDED ENTRY ELEMENTS (KOHA) | |
| Source of classification or shelving scheme | Dewey Decimal Classification |
| Koha item type | Books |
| Edition | 21 |
| Suppress in OPAC | No |
| Withdrawn status | Lost status | Source of classification or shelving scheme | Damaged status | Not for loan | Collection | Home library | Current library | Date acquired | Total checkouts | Full call number | Barcode | Date last seen | Copy number | Price effective from | Koha item type |
|---|---|---|---|---|---|---|---|---|---|---|---|---|---|---|---|
| Dewey Decimal Classification | Not for loan | القانون الجنائي | جــــامعة القــاهرة | مكتبة كلية الحقوق - المبنى الرئيسي | 09.05.2026 | Law1 10 343.47 م ج 2021 1012145 C1 | B10-12145 | 09.05.2026 | 1 | 09.05.2026 | Books |